00425 a2200109 4500001001000000005001700010008004100027245009400068100002300162773011300185999001700298ART_4218220260410161806.0260409a 10aAlgunas reflexiones sobre la llamada "nueva pesificación" de los contratos en Argentina1 aMozzi, Germán D.0 tDoctrina Societaria y ConcursalgProyecto de reforma de los Códigos Civil y Comercial (sep. 2012)wREV4298 c21026d21026